| 000 | 01667nam a2200241 4500 | ||
|---|---|---|---|
| 008 | 171110b xxu||||| |||| 00| 0 eng d | ||
| 020 | _a971-584-230-5 | ||
| 082 |
_21997 _aDC 610.73 _bD67 |
||
| 100 |
_923218 _aDoenges, Marilynn E., 1922- |
||
| 245 |
_aNursing care plans : _bguidelines for individualizing patient care / _cMarilynn E. Doenges, Mary Frances Moorhouse, Alice C. Geissler. |
||
| 250 | _aEdition 4 | ||
| 260 |
_aPhiladelphia : _bF.A. Davis, _c©1997. |
||
| 300 |
_axxvi, 945 pages : _billustrations ; _c28 cm. |
||
| 500 | _aIncludes bibliographical references and index. | ||
| 505 | _aContents 1 Issues and Trends in Medical/Surgical Nursing 1 2 The Nursing Process 5 3 Applying Theory to Practice 9 4 Cardiovascular 32 5 Respiratory 117 6 Neurologic/Sensory 208 7 Gastrointestinal 315 8 Metabolic and Endocrine 387 9 Diseases of the Blood/Blood-Forming Organs 514 10 Renal and Urinary Tract 555 11 Reproductive 638 12 Orthopedic 659 13 Integumentary 698 14 Systemic Infections and Immunological Disorders 719 15 General 783 Appendix: Key to Abbreviations 930 Bibliography 934 Index of Nursing Diagnoses 941 | ||
| 520 | _aAccompanying software contains an electronic care planner, including a tutorial on the nursing process, care plan construction techniques, and preprinted care plan with a cut and paste feature for individualization of patient care. | ||
| 650 | 0 |
_923219 _aNursing care plans |
|
| 650 | 0 |
_923220 _aPatient Care Planning -- handbooks |
|
| 650 | 0 |
_923221 _aNursing Process -- handbooks |
|
| 700 |
_923222 _aMoorhouse, Mary Frances, 1947- |
||
| 700 |
_923223 _aMurr, Alice C., 1946- |
||
| 942 |
_2ddc _cDC |
||
| 999 |
_c7717 _d7717 |
||